| 000 | 00855cam a22002893a 4500 | ||
|---|---|---|---|
| 001 | 6763 | ||
| 003 | PGUSA | ||
| 005 | 20140828083136.0 | ||
| 008 | 041001s2004||||xxu|||||s|||||000 p eng d | ||
| 040 |
_aPGUSA _beng |
||
| 042 | _adc | ||
| 050 | 4 | _aPN | |
| 100 | 1 |
_aAristotle, _d-384--322 |
|
| 245 | 1 | 0 |
_aAristotle on the art of poetry _h[electronic resource] / _cAristotle |
| 260 |
_bProject Gutenberg, _c2004 |
||
| 506 | _aPublic domain in the USA. | ||
| 516 | _aElectronic text | ||
| 653 | _aMusic -- Philosophy and aesthetics | ||
| 653 | _aAesthetics -- Early works to 1800 | ||
| 653 | _aPoetry -- Early works to 1800 | ||
| 700 | 1 |
_aBywater, Ingram, _d1840-1914 |
|
| 700 | 1 |
_aMurray, Gilbert, _d1866-1957 |
|
| 740 | 0 | _aPoetics. English | |
| 830 | 0 |
_aProject Gutenberg _v6763 |
|
| 856 | 4 | 0 | _uhttp://www.gutenberg.org/ebooks/6763 |
| 942 | _cEB | ||
| 999 |
_c236083 _d236083 |
||